000 00474nam a2200169 i 4500
001 95317
003 ES-MaACL
005 20230906181658.0
007 t|
008 050526s1910 xxk ||||1| eng d
100 1 _aLynch, Hannah.
_974935
245 1 0 _aToledo
_b: the story of an old spanish capital /
_cby Hannah Lynch.
260 _aLondon :
_bJ. M. Dent,
_c1910.
300 _a312 p. :
_bil. ;
_c17.
651 4 _aToledo-
_xHistoria.
_99444
852 _aES-MaACL
_jG-13925
999 _c95317
_d95317